000 00177 a2200085 4500
245 _aARNOLD POETICAL WORKS
_hText
100 _aC.B. TINKER
650 _aliterature
005 20191017173027.0
084 _aNONE
999 _c9699
_d9699